[Event "43rd World U20 ch"]
[Site "Kochi IND"]
[Date "2004.11.29"]
[Round "11.11"]
[White "Arghyadip Das"]
[Black "l`Ami, Erwin"]
[Result "0-1"]
[WhiteElo "2353"]
[BlackElo "2516"]
[EventDate "2004.11.19"]
[PlyCount "94"]

1.e4 c5 2.Nf3 d6 3.d4 Nf6 4.Nc3 cxd4 5.Nxd4 a6 6.Be3 e6 7.Be2 Qc7 8.f4 b5 
9.a3 Bb7 10.Bd3 Nbd7 11.O-O Rc8 12.Qf3 Qb8 13.Rae1 Be7 14.Kh1 Rxc3 15.bxc3
Nc5 16.Qe2 Nfxe4 17.c4 bxc4 18.Bxc4 O-O 19.Nb3 Nc3 20.Qd2 N5e4 21.Qd3 Qa8 
22.Na5 d5 23.Nxb7 Qxb7 24.Bxa6 Qc6 25.a4 Qxa4 26.Ra1 Qc6 27.Bd4 Bf6 28.
Bxf6 Nxf6 29.Qd4 Nfe4 30.Bd3 g6 31.Ra6 Qc5 32.Qxc5 Nxc5 33.Rc6 N5e4 34.Kg1
Ra8 35.Re1 Ra4 36.Rc7 Kg7 37.g3 Ra3 38.Kg2 Kf6 39.Bxe4 Nxe4 40.Rb1 Ra6 41.
Rbb7 Nd6 42.Ra7 Rb6 43.Rc5 h6 44.Rac7 Rb8 45.R5c6 Nf5 46.Rd7 g5 47.Kf3 
Nd4+ 0-1

[Event "43rd World U20 ch"]
[Site "Kochi IND"]
[Date "2004.11.29"]
[Round "11.12"]
[White "Sai Srinivas, Dasari"]
[Black "Moradiabadi, Elshan"]
[Result "0-1"]
[WhiteElo "2237"]
[BlackElo "2445"]
[EventDate "2004.11.19"]
[PlyCount "98"]

1.e4 c5 2.Nf3 e6 3.c4 a6 4.Nc3 Qc7 5.Be2 Nf6 6.O-O Nc6 7.d4 cxd4 8.Nxd4 b6
9.Be3 Bb7 10.f3 Bd6 11.f4 Nxd4 12.Qxd4 Bc5 13.Qd3 d6 14.Kh1 O-O 15.Bd4 
Bxd4 16.Qxd4 Rfd8 17.b4 Rac8 18.Rac1 Ba8 19.Qe3 Rb8 20.Rfd1 Qe7 21.Rc2 Bc6
22.a4 a5 23.b5 Ba8 24.Rcd2 g6 25.h3 Ne8 26.Kh2 Rdc8 27.Na2 Qc7 28.Nc1 Nf6 
29.Bd3 Re8 30.Nb3 Rbc8 31.Rc1 Qb7 32.Qd4 e5 33.Qxd6 Re6 34.Qa3 Nxe4 35.
Bxe4 Qxe4 36.fxe5 Qxe5+ 37.g3 h5 38.Qb2 Qc7 39.Qd4 Rce8 40.Qf2 h4 41.Nd4 
Rf6 42.Qg1 Rd8 43.Rc3 Rfd6 44.Qe3 Rxd4 45.Rxd4 Qxg3+ 46.Qxg3 hxg3+ 47.Kxg3
Rxd4 48.c5 bxc5 49.Rxc5 Kg7 0-1

[Event "43rd World U20 ch"]
[Site "Kochi IND"]
[Date "2004.11.29"]
[Round "11.13"]
[White "Perdomo, Leandro"]
[Black "Bartel, Mateusz"]
[Result "0-1"]
[WhiteElo "2312"]
[BlackElo "2481"]
[EventDate "2004.11.19"]
[PlyCount "62"]

1.d4 f5 2.e4 fxe4 3.Nc3 Nf6 4.Bg5 b6 5.f3 Bb7 6.d5 e6 7.fxe4 Be7 8.Bxf6 
Bxf6 9.e5 Bh4+ 10.g3 exd5 11.Bg2 Be7 12.Nxd5 Nc6 13.Nf3 O-O 14.O-O Bc5+ 
15.Kh1 Ne7 16.Ng5 Bc6 17.b4 Nf5 18.Nxh7 Kxh7 19.Qh5+ Nh6 20.Be4+ Kh8 21.
Qg6 Rxf1+ 22.Rxf1 Qg8 23.c4 Bxb4 24.Nxb4 Rf8 25.Rf4 Rxf4 26.gxf4 Bxe4+ 27.
Qxe4 Qe6 28.Nd5 Qh3 29.Qg2 Qd3 30.Nxc7 Qxc4 31.e6 Qxc7 0-1

[Event "43rd World U20 ch"]
[Site "Kochi IND"]
[Date "2004.11.29"]
[Round "11.14"]
[White "Poobesh Anand, Selvaraj"]
[Black "Lafuente, Pablo"]
[Result "0-1"]
[WhiteElo "2367"]
[BlackElo "2473"]
[EventDate "2004.11.19"]
[PlyCount "92"]

1.d4 Nf6 2.c4 e6 3.Nc3 Bb4 4.e3 c5 5.Ne2 b6 6.a3 Ba5 7.Rb1 Na6 8.Qa4 Qe7 
9.dxc5 Nxc5 10.Qc2 Bxc3+ 11.Nxc3 Bb7 12.f3 d5 13.cxd5 exd5 14.Bb5+ Ncd7 
15.O-O O-O 16.Bd2 Rac8 17.Rbd1 Ne5 18.Rfe1 Nc4 19.Bxc4 Rxc4 20.Qd3 Qe5 21.
e4 Qh5 22.b3 Rc7 23.e5 Nd7 24.Qd4 Nc5 25.Nb5 Ne6 26.Qf2 Rc2 27.Nd6 Ba6 28.
b4 Bd3 29.Rc1 Ra2 30.Rc3 Qg6 31.f4 Bf5 32.h3 h5 33.Qg3 Qh7 34.Qf2 h4 35.
Rf3 Qh5 36.Re2 Be4 37.Nxe4 dxe4 38.Rxe4 Qf5 39.Re2 Rd8 40.Be3 Ra1+ 41.Re1 
Rxa3 42.Qxh4 Rdd3 43.Qe7 Ra2 44.Rc1 Nf8 45.Rg3 Rxe3 46.Rxe3 Qxf4 0-1

[Event "43rd World U20 ch"]
[Site "Kochi IND"]
[Date "2004.11.29"]
[Round "11.15"]
[White "D`Costa, Lorin"]
[Black "Vaidya Chaitanya, N."]
[Result "1/2-1/2"]
[WhiteElo "2358"]
[BlackElo "2184"]
[EventDate "2004.11.19"]
[PlyCount "76"]

1.e4 e6 2.d4 d5 3.Nd2 Nf6 4.e5 Nfd7 5.c3 c5 6.f4 Nc6 7.Ndf3 Qb6 8.a3 f6 9.
Bd3 Be7 10.Ne2 c4 11.Bc2 Nf8 12.Rb1 Na5 13.O-O Bd7 14.Kh1 f5 15.Nd2 Qc7 
16.Rg1 h5 17.g3 g6 18.Kg2 Bc6 19.Kf2 Nd7 20.h3 Nb6 21.Nf3 Qd7 22.Be3 Ba4 
23.Rg2 Nb3 24.g4 hxg4 25.hxg4 O-O-O 26.Qg1 Nd2 27.Rc1 Bxc2 28.Rxc2 Ne4+ 
29.Ke1 Rh3 30.Qf1 Rdh8 31.Neg1 Rh1 32.Kd1 Qa4 33.Bc1 Qb3 34.gxf5 gxf5 35.
Rg7 Bf8 36.Rg6 Na4 37.Qg2 Kd7 38.Ke1 Qa2 1/2-1/2

[Event "43rd World U20 ch"]
[Site "Kochi IND"]
[Date "2004.11.29"]
[Round "11.17"]
[White "Gupta, Abhijeet"]
[Black "Mandizha, Farai"]
[Result "1-0"]
[WhiteElo "2412"]
[BlackElo "2200"]
[EventDate "2004.11.19"]
[PlyCount "99"]

1.d4 Nf6 2.c4 e6 3.Nc3 Bb4 4.Qc2 O-O 5.e4 c5 6.a3 Bxc3+ 7.bxc3 d6 8.Bd3 
Nc6 9.Ne2 e5 10.O-O Bg4 11.f3 Bh5 12.Bg5 h6 13.Bh4 g5 14.Bf2 Nd7 15.Be3 
Rc8 16.g3 Na5 17.d5 b5 18.Qa2 bxc4 19.Bxc4 Nxc4 20.Qxc4 Rb8 21.Qa2 Bg6 22.
g4 h5 23.gxh5 Bxh5 24.Ng3 Bg6 25.Qg2 f6 26.h4 Kf7 27.Qh3 gxh4 28.Qe6+ Kg7 
29.Nf5+ Kh7 30.Nxh4 Rg8 31.Kh1 f5 32.Nxg6 Rxg6 33.Qf7+ Kh8 34.Ra2 Qh4+ 35.
Rh2 Qxh2+ 36.Kxh2 Rg7 37.Qxf5 Rbg8 38.Rb1 Rh7+ 39.Qxh7+ Kxh7 40.Rb7 Rg7 
41.Rxa7 Kg8 42.a4 Rh7+ 43.Kg3 Kf8 44.a5 Rg7+ 45.Kf2 Rh7 46.a6 Ke8 47.Ra8+ 
Kf7 48.Rd8 Ke7 49.Bg5+ Nf6 50.a7 1-0

[Event "43rd World U20 ch"]
[Site "Kochi IND"]
[Date "2004.11.29"]
[Round "11.18"]
[White "Tallaksen, Geir Sune"]
[Black "Cifka, Stanislav"]
[Result "1/2-1/2"]
[WhiteElo "2343"]
[BlackElo "2310"]
[EventDate "2004.11.19"]
[PlyCount "78"]

1.d4 e6 2.c4 Nf6 3.Nf3 b6 4.a3 c5 5.d5 Ba6 6.Qc2 exd5 7.cxd5 g6 8.Nc3 Bg7 
9.g3 O-O 10.Bg2 d6 11.O-O Re8 12.Re1 Nbd7 13.Qa4 Bb7 14.Qh4 a6 15.a4 Qc7 
16.e4 Ne5 17.Nxe5 Rxe5 18.Bg5 Nd7 19.g4 Ree8 20.Rac1 Ne5 21.Rc2 Qd7 22.h3 
b5 23.b3 c4 24.b4 Nd3 25.Rb1 bxa4 26.Bf6 Bc8 27.Ne2 Rb8 28.Rxc4 a5 29.b5 
Rxb5 30.Ra1 Rb4 31.Rc3 Ba6 32.Ng3 Reb8 33.Nh5 Rb1+ 34.Rxb1 Rxb1+ 35.Kh2 
Bh6 36.Bg5 Bxg5 37.Qxg5 h6 38.Nf6+ Kg7 39.Nh5+ Kg8 1/2-1/2

[Event "43rd World U20 ch"]
[Site "Kochi IND"]
[Date "2004.11.29"]
[Round "11.19"]
[White "Puneet, Jaiswal"]
[Black "Tikkanen, Hans"]
[Result "0-1"]
[WhiteElo "2212"]
[BlackElo "2338"]
[EventDate "2004.11.19"]
[PlyCount "92"]

1.d4 g6 2.e4 Bg7 3.c3 d6 4.f4 Nd7 5.Nf3 e6 6.h4 h5 7.f5 gxf5 8.exf5 e5 9.
Be2 e4 10.Ng5 Ndf6 11.Nd2 Bxf5 12.Qb3 Nh6 13.Qb5+ Qd7 14.Qxb7 O-O 15.Nf1 
a6 16.Qb3 Bg4 17.Qd1 Nf5 18.Bf4 Rab8 19.b3 Nd5 20.Bxg4 Nxf4 21.Bxf5 Qxf5 
22.Ne3 Qb5 23.Rf1 f6 24.Rxf4 fxg5 25.Rxf8+ Rxf8 26.Qe2 c5 27.Qxb5 axb5 28.
Rd1 cxd4 29.cxd4 g4 30.Ke2 g3 31.Rf1 Ra8 32.Nf5 Rxa2+ 33.Ke3 d5 34.Ne7+ 
Kh7 35.Nxd5 Rxg2 36.Kxe4 Rd2 37.Nf4 Rxd4+ 38.Kf3 Be5 39.Ne2 Rxh4 40.Rd1 
Rh2 41.Nxg3 Rh3 42.Rd5 Rxg3+ 43.Ke4 Rg5 44.Rxb5 h4 45.Kf3 h3 46.Rb4 h2 0-1

[Event "43rd World U20 ch"]
[Site "Kochi IND"]
[Date "2004.11.29"]
[Round "11.20"]
[White "Grigorov, Grigor"]
[Black "Gopal, Geetha Narayanan"]
[Result "1-0"]
[WhiteElo "2321"]
[BlackElo "2278"]
[EventDate "2004.11.19"]
[PlyCount "137"]

1.d4 Nf6 2.c4 g6 3.Nc3 d5 4.Bf4 Bg7 5.e3 c5 6.dxc5 Qa5 7.Rc1 dxc4 8.Bxc4 
O-O 9.Ne2 Qxc5 10.Qb3 Nc6 11.Nb5 Qh5 12.Ng3 Qh4 13.Nc7 e5 14.Bxe5 Nxe5 15.
Nxa8 Bd7 16.Nc7 Bc6 17.Nd5 Kh8 18.Nxf6 Bxg2 19.Rg1 Bc6 20.Bd5 Bxf6 21.Bxc6
bxc6 22.e4 Qf4 23.Ke2 Qg4+ 24.f3 Qc8 25.Qa3 h5 26.Rgd1 Re8 27.Qe3 Qh3 28.
Nf1 Bg5 29.Qxg5 Qxf3+ 30.Ke1 Ng4 31.Kd2 Qxe4 32.Rc3 Re5 33.Qd8+ Kh7 34.Kc1
Nf2 35.Nd2 Qf5 36.Rf1 Rd5 37.Qh4 Nd3+ 38.Rxd3 Qxd3 39.Qf2 Rf5 40.Qg1 a5 
41.Rxf5 Qxf5 42.Qd4 Qh3 43.Qf4 Qe6 44.b3 f6 45.Kc2 Kg7 46.Qc7+ Kh6 47.Qxa5
g5 48.Qc5 h4 49.a4 g4 50.Kd3 g3 51.hxg3 h3 52.Qf2 Qd5+ 53.Kc2 Kg7 54.Nf3 
Qf5+ 55.Kc3 c5 56.Qe2 Qg4 57.Qe7+ Kg8 58.Qxf6 Qxg3 59.Kc4 h2 60.Nxh2 Qxh2 
61.Qg5+ Kf7 62.Qxc5 Qf4+ 63.Kb5 Qb8+ 64.Kc4 Qf4+ 65.Qd4 Qc7+ 66.Kb4 Qb8+ 
67.Ka3 Ke6 68.Qc3 Kd7 69.b4 1-0

[Event "43rd World U20 ch"]
[Site "Kochi IND"]
[Date "2004.11.29"]
[Round "11.21"]
[White "Mabusela, Johannes"]
[Black "Sandeep, Yalamanchili"]
[Result "1/2-1/2"]
[WhiteElo "2316"]
[BlackElo "2138"]
[EventDate "2004.11.19"]
[PlyCount "91"]

1.e4 c5 2.d3 Nc6 3.Nf3 g6 4.g3 Bg7 5.Bg2 Nf6 6.O-O d5 7.Nbd2 O-O 8.exd5 
Nxd5 9.Re1 Qc7 10.c3 Rd8 11.Qc2 h6 12.Ne4 b6 13.a3 e5 14.b3 f5 15.Ned2 Bb7
16.Bb2 Rd7 17.Nc4 Rad8 18.Rad1 b5 19.Ne3 Nde7 20.b4 cxb4 21.cxb4 Kh7 22.h4
a5 23.bxa5 Qxa5 24.Qb3 Qa4 25.Qxa4 bxa4 26.Rb1 Ba6 27.Bf1 Bxd3 28.Bxd3 
Rxd3 29.Kg2 e4 30.Ng1 Bxb2 31.Rxb2 Rxa3 32.Ne2 Rb3 33.Rc2 Rd7 34.h5 Nb4 
35.hxg6+ Kxg6 36.Nf4+ Kh7 37.Rc5 a3 38.Nxf5 Nxf5 39.Rxf5 a2 40.Ra5 Rb1 41.
Rxe4 Rb7 42.Rxb4 R7xb4 43.Rxa2 R1b2 44.Ra1 Kg7 45.Ra6 Rb6 46.Ra7+ 1/2-1/2

[Event "43rd World U20 ch"]
[Site "Kochi IND"]
[Date "2004.11.29"]
[Round "11.22"]
[White "Patwardhan, Omkar"]
[Black "Barbosa, Oliver"]
[Result "0-1"]
[WhiteElo "2212"]
[BlackElo "2311"]
[EventDate "2004.11.19"]
[PlyCount "45"]

1.d4 Nf6 2.c4 g6 3.Nc3 Bg7 4.e4 d6 5.f3 O-O 6.Be3 c5 7.dxc5 dxc5 8.e5 Nfd7
9.f4 Nc6 10.Nf3 f6 11.Qd5+ Kh8 12.O-O-O fxe5 13.fxe5 Qa5 14.Kb1 Nb4 15.Qd2
Nxe5 16.Nh4 Bg4 17.a3 Rad8 18.axb4 cxb4 19.Nd5 Bxd1 20.Qxd1 e6 21.Bg5 Rd7 
22.g3 exd5 23.Bh3 0-1

[Event "43rd World U20 ch"]
[Site "Kochi IND"]
[Date "2004.11.29"]
[Round "11.24"]
[White "Mihailidis, Anastasios"]
[Black "Navin, Kanna"]
[Result "1/2-1/2"]
[WhiteElo "2278"]
[BlackElo "2058"]
[EventDate "2004.11.19"]
[PlyCount "76"]

1.e4 g6 2.d4 Bg7 3.Nc3 c6 4.Be3 d5 5.Qd2 dxe4 6.Nxe4 Nd7 7.O-O-O Ngf6 8.
Nc3 O-O 9.Bh6 Qa5 10.h4 Nd5 11.Bxg7 Kxg7 12.Nxd5 Qxd2+ 13.Rxd2 cxd5 14.Re2
Re8 15.Rh3 Nf6 16.Rc3 Bf5 17.f3 Rac8 18.Ree3 Rxc3 19.Rxc3 Rc8 20.Kd2 Kf8 
21.Bd3 Rxc3 22.Kxc3 Bxd3 23.Kxd3 e6 24.Ne2 Ke7 25.Kc3 h5 26.Kd3 Ne8 27.g4 
Nf6 28.gxh5 Nxh5 29.c4 dxc4+ 30.Kxc4 Ng7 31.Ng3 Kd6 32.a4 a6 33.a5 Kc6 34.
b4 Ne8 35.Ne4 Nd6+ 36.Nxd6 Kxd6 37.b5 f6 38.f4 f5 1/2-1/2

[Event "43rd World U20 ch"]
[Site "Kochi IND"]
[Date "2004.11.29"]
[Round "11.25"]
[White "Hasan Parag, Mehdi"]
[Black "Artels, Lieven"]
[Result "1-0"]
[WhiteElo "2251"]
[BlackElo "2084"]
[EventDate "2004.11.19"]
[PlyCount "94"]

1.e4 e6 2.d4 d5 3.Nc3 dxe4 4.Nxe4 Bd7 5.Nf3 Bc6 6.Bd3 Nd7 7.Qe2 Be7 8.Bf4 
Ngf6 9.O-O O-O 10.c4 b6 11.Rad1 Qc8 12.Ne5 Nxe4 13.Bxe4 Bxe4 14.Qxe4 Nxe5 
15.Bxe5 Bd6 16.Rd3 f6 17.Bg3 Bxg3 18.hxg3 Rd8 19.g4 c5 20.d5 exd5 21.Rxd5 
Re8 22.Qf5 Qe6 23.g5 fxg5 24.Qxg5 Re7 25.Rfd1 Rf8 26.b3 Qf6 27.Qxf6 Rxf6 
28.Rd8+ Rf8 29.Kf1 Kf7 30.f3 Rfe8 31.R8d7 Rxd7 32.Rxd7+ Re7 33.Rd8 Re8 34.
Rd5 Re7 35.Kf2 Ke8 36.Rh5 h6 37.Rd5 Rd7 38.Re5+ Re7 39.Re3 Rxe3 40.Kxe3 
Ke7 41.Kf4 Ke6 42.Ke4 g6 43.a3 a5 44.f4 Kd6 45.f5 g5 46.g4 Ke7 47.Kd5 Kf7 
1-0

[Event "43rd World U20 ch"]
[Site "Kochi IND"]
[Date "2004.11.29"]
[Round "11.26"]
[White "Phadke, Sohan"]
[Black "Ashwath, Raja"]
[Result "0-1"]
[WhiteElo "2125"]
[BlackElo "2124"]
[EventDate "2004.11.19"]
[PlyCount "46"]

1.e4 e5 2.f4 d5 3.exd5 exf4 4.Nf3 Nf6 5.Bc4 Bd6 6.O-O O-O 7.d4 Bg4 8.Nc3 
c6 9.dxc6 Nxc6 10.Ne2 Qc7 11.Bd3 Rad8 12.c3 Rfe8 13.Qe1 Re7 14.h3 Bxf3 15.
Rxf3 Rde8 16.Qf2 Nd5 17.Qh4 h6 18.Bxf4 Rxe2 19.Bxd6 Qxd6 20.Bxe2 Rxe2 21.
Rf2 Re3 22.Raf1 Qg6 23.Rf3 Re2 0-1

[Event "43rd World U20 ch"]
[Site "Kochi IND"]
[Date "2004.11.29"]
[Round "11.28"]
[White "Bhatti, Ranveersingh"]
[Black "Cereijo, Nicolas"]
[Result "1-0"]
[WhiteElo "2195"]
[BlackElo "2120"]
[EventDate "2004.11.19"]
[PlyCount "57"]

1.d4 d5 2.c4 c6 3.Nf3 Nf6 4.Nc3 dxc4 5.a4 Bf5 6.e3 e6 7.Bxc4 Bb4 8.O-O 
Nbd7 9.Nh4 O-O 10.f3 Bg6 11.e4 e5 12.Nxg6 hxg6 13.Be3 Qe7 14.Kh1 exd4 15.
Bxd4 Ne5 16.Bxe5 Qxe5 17.Qb3 a5 18.Rad1 Qe7 19.Ne2 Nd7 20.Qc2 Rad8 21.Ng3 
Qc5 22.Qe2 Qe7 23.f4 Nc5 24.f5 Rxd1 25.Rxd1 gxf5 26.Nxf5 Qxe4 27.Ne7+ Kh8 
28.Qh5+ Qh7 29.Qxf7 1-0

[Event "43rd World U20 ch"]
[Site "Kochi IND"]
[Date "2004.11.29"]
[Round "11.29"]
[White "Louw, Daniel Johannes"]
[Black "Soumitra, Mujumdar"]
[Result "0-1"]
[WhiteElo "2187"]
[BlackElo "2148"]
[EventDate "2004.11.19"]
[PlyCount "52"]

1.e4 e5 2.Nf3 Nc6 3.d4 exd4 4.Nxd4 Nf6 5.Nxc6 bxc6 6.e5 Qe7 7.Qe2 Nd5 8.c4
Ba6 9.b3 O-O-O 10.Bb2 Qg5 11.a3 Nf4 12.Qf3 Ng6 13.Qc3 Re8 14.Nd2 Qxe5+ 15.
Qxe5 Nxe5 16.O-O-O Ng4 17.Bd4 Bxa3+ 18.Kc2 c5 19.Bxg7 Rhg8 20.Ra1 Rxg7 21.
Rxa3 Nxf2 22.Rg1 Bb7 23.h3 Nxh3 24.Rh1 Nf4 25.Rh2 Nxg2 26.Bxg2 Bxg2 0-1

[Event "43rd World U20 ch"]
[Site "Kochi IND"]
[Date "2004.11.29"]
[Round "11.30"]
[White "Aswin, Jayaram"]
[Black "Tiwari, Arjun"]
[Result "0-1"]
[WhiteElo "2160"]
[BlackElo "2319"]
[EventDate "2004.11.19"]
[PlyCount "86"]

1.e4 Nc6 2.Nf3 g6 3.d4 Bg7 4.Nc3 d6 5.Be3 e5 6.dxe5 Nxe5 7.Nxe5 Bxe5 8.Qd2
Be6 9.O-O-O a6 10.f4 Bg7 11.Bd3 Ne7 12.Rde1 O-O 13.f5 gxf5 14.Bh6 f4 15.
Bxg7 Kxg7 16.g3 f3 17.e5 d5 18.g4 c5 19.Ref1 d4 20.Ne4 c4 21.Rxf3 cxd3 22.
Rh3 h5 23.Nf6 Rh8 24.Rg1 hxg4 25.Rxd3 Ng6 26.Rxd4 Qc7 27.Rd6 Rac8 28.c3 
Qc4 29.Rd4 Qxa2 30.Kc2 Rh3 31.Rg3 Bb3+ 32.Kd3 Qb1+ 33.Ke3 Qg1+ 34.Ke4 Qh1+
35.Kf5 Rch8 36.Rxh3 gxh3 37.Qf2 Be6+ 38.Kg5 Qg2+ 39.Ng4 Rh5+ 40.Kxh5 Bxg4+
41.Rxg4 Qxf2 42.Kg5 Qe3+ 43.Kh5 Qh6# 0-1

[Event "43rd World U20 ch"]
[Site "Kochi IND"]
[Date "2004.11.29"]
[Round "11.32"]
[White "Venkat, S. Sundaram"]
[Black "Ruijgrok, Dennis"]
[Result "1/2-1/2"]
[WhiteElo "2152"]
[BlackElo "2255"]
[EventDate "2004.11.19"]
[PlyCount "58"]

1.e4 e5 2.Nf3 Nc6 3.Bb5 a6 4.Ba4 Nf6 5.O-O Be7 6.Re1 b5 7.Bb3 d6 8.c3 O-O 
9.h3 Na5 10.Bc2 c5 11.d4 cxd4 12.cxd4 Bb7 13.Nbd2 Nc6 14.Nf1 exd4 15.Nxd4 
Nxd4 16.Qxd4 Rc8 17.Ne3 Re8 18.Bd2 Bf8 19.f3 d5 20.exd5 Rxe3 21.Rxe3 Rxc2 
22.Bc3 Qxd5 23.Qd1 Bc5 24.Qxc2 Bxe3+ 25.Kh1 Nh5 26.Rd1 Qg5 27.Ba5 g6 28.
Qc7 Ng3+ 29.Kh2 Nf1+ 1/2-1/2

[Event "43rd World U20 ch"]
[Site "Kochi IND"]
[Date "2004.11.29"]
[Round "11.33"]
[White "Nitin, Senthilvel"]
[Black "Swaraj, Palit"]
[Result "0-1"]
[WhiteElo "2119"]
[BlackElo "2172"]
[EventDate "2004.11.19"]
[PlyCount "92"]

1.e4 e5 2.Nf3 Nc6 3.Nc3 Nf6 4.d4 exd4 5.Nxd4 Bb4 6.Nxc6 bxc6 7.Bd3 O-O 8.
O-O d5 9.exd5 cxd5 10.Bg5 c6 11.Ne2 h6 12.Bh4 Bg4 13.c3 Be7 14.Qa4 Bxe2 
15.Bxe2 Qb6 16.Qc2 Rfe8 17.Bd3 Nh5 18.Bxe7 Rxe7 19.Qd2 Rae8 20.a4 c5 21.a5
Qb8 22.Rfe1 c4 23.Rxe7 Rxe7 24.Bf1 Nf6 25.Rb1 Rb7 26.Qc2 Rb5 27.a6 Rb6 28.
Qf5 Rxa6 29.b4 Qe8 30.Rd1 Ra3 31.Qc2 Qe5 32.Rc1 Ne4 33.Qb2 Rxc3 34.Rd1 f6 
35.b5 Qd6 36.Rd4 Qe5 37.Rd1 Rb3 38.Qxe5 fxe5 39.Rxd5 Rb1 40.f3 c3 41.fxe4 
c2 42.Rc5 c1=Q 43.Rxc1 Rxc1 44.Kf2 Rc2+ 45.Be2 Kf7 46.Ke3 Ra2 0-1

[Event "43rd World U20 ch"]
[Site "Kochi IND"]
[Date "2004.11.29"]
[Round "11.34"]
[White "Soon Wai Cheong"]
[Black "Prasanna, Kannappan"]
[Result "1/2-1/2"]
[WhiteElo "2048"]
[BlackElo "2096"]
[EventDate "2004.11.19"]
[PlyCount "83"]

1.e4 d6 2.d4 Nf6 3.Nc3 g6 4.f4 Bg7 5.Nf3 c5 6.Bb5+ Bd7 7.e5 Ng4 8.h3 cxd4 
9.Qxd4 Bxb5 10.hxg4 Bd7 11.Qe4 Bc6 12.Qe2 Bxf3 13.gxf3 Nc6 14.Bd2 dxe5 15.
fxe5 Bxe5 16.O-O-O Qa5 17.Kb1 O-O-O 18.f4 Bg7 19.Qc4 e6 20.Ne4 Qc7 21.Be3 
Kb8 22.a3 h6 23.Bc5 Ka8 24.Qb5 Nd4 25.Qa4 Nc6 26.Nd6 a6 27.Nc4 Bd4 28.Nb6+
Kb8 29.Rxd4 Rxd4 30.Bxd4 Nxd4 31.Qxd4 Rd8 32.Qe3 Rd6 33.Na4 Qc6 34.Rxh6 
Qxa4 35.Rh8+ Kc7 36.Qe5 Qd4 37.Qa5+ Qb6 38.Qc3+ Qc6 39.Qa5+ Qb6 40.Qc3+ 
Qc6 41.Qa5+ Qb6 42.Qc3+ 1/2-1/2

[Event "43rd World U20 ch"]
[Site "Kochi IND"]
[Date "2004.11.29"]
[Round "11.35"]
[White "Phanikanth, J. S. S."]
[Black "Raghuram, Balaji"]
[Result "0-1"]
[WhiteElo "1985"]
[BlackElo "2043"]
[EventDate "2004.11.19"]
[PlyCount "77"]

1.d4 d5 2.c4 c6 3.cxd5 cxd5 4.Nc3 Nf6 5.Bf4 Nc6 6.Nf3 e6 7.e3 a6 8.Bd3 Bd6
9.Bxd6 Qxd6 10.O-O O-O 11.Rc1 e5 12.dxe5 Nxe5 13.Nxe5 Qxe5 14.h3 Bd7 15.
Qb3 Rfd8 16.Rfd1 Qg5 17.Nxd5 Nxd5 18.Bxh7+ Kxh7 19.Rxd5 Qg6 20.Qc4 Rac8 
21.Qh4+ Qh6 22.Rh5 Rxc1+ 23.Kh2 Qxh5 24.Qxh5+ Kg8 25.Qe5 Be6 26.a3 Rcc8 
27.b4 Rd1 28.Qe4 Rc7 29.Qe5 Rc8 30.Qe4 Rd7 31.Qe5 Rc2 32.Qb8+ Kh7 33.Qf4 
Rdd2 34.Qe4+ g6 35.Qh4+ Kg7 36.Kg3 Rxf2 37.Qd4+ f6 38.Qd6 Rxg2+ 39.Kf3 0-1

[Event "43rd World U20 ch"]
[Site "Kochi IND"]
[Date "2004.11.30"]
[Round "12.2"]
[White "Quezada Perez, Yuniesky"]
[Black "Zhao Jun"]
[Result "0-1"]
[WhiteElo "2513"]
[BlackElo "2511"]
[EventDate "2004.11.19"]
[PlyCount "98"]

1.e4 e6 2.d4 d5 3.Nc3 Bb4 4.e5 c5 5.a3 Bxc3+ 6.bxc3 Ne7 7.Qg4 O-O 8.Bd3 f5
9.exf6 Rxf6 10.Bg5 Rf7 11.Qh5 h6 12.Nf3 Nbc6 13.Bxe7 Rxe7 14.O-O c4 15.Bg6
Bd7 16.Rfe1 Be8 17.Nh4 Qd6 18.Re3 Bxg6 19.Nxg6 Rf7 20.g3 Rf5 21.Qe2 Re8 
22.Re1 Kh7 23.Nh4 Rf6 24.a4 Qa3 25.Ng2 Nd8 26.Nf4 Ref8 27.h4 Qxa4 28.h5 
R8f7 29.Rf1 a5 30.Ng6 b5 31.Ne5 Rb7 32.Rf3 Rxf3 33.Qxf3 Qa3 34.Qg4 Qe7 35.
f4 Qf6 36.Ra1 a4 37.Kf2 Nf7 38.Qg6+ Kg8 39.Ke3 Nd6 40.Ra3 Qxg6 41.hxg6 Ne4
42.g4 Nxc3 43.Nc6 Rc7 44.Nb4 Ne4 45.Ra1 Kf8 46.f5 Ke7 47.Kf4 Kd6 48.Rh1 
exf5 49.gxf5 a3 0-1

[Event "43rd World U20 ch"]
[Site "Kochi IND"]
[Date "2004.11.30"]
[Round "12.3"]
[White "Petrosian, Tigran L."]
[Black "Quan, Zhe"]
[Result "1-0"]
[WhiteElo "2539"]
[BlackElo "2345"]
[EventDate "2004.11.19"]
[PlyCount "103"]

1.e4 c6 2.d4 d5 3.Nc3 dxe4 4.Nxe4 Bf5 5.Ng3 Bg6 6.h4 h6 7.Nf3 Nd7 8.h5 Bh7
9.Bd3 Bxd3 10.Qxd3 e6 11.Bf4 Qa5+ 12.Bd2 Qc7 13.O-O-O Ngf6 14.Qe2 O-O-O 
15.Ne5 Nb6 16.c4 Rxd4 17.Be3 Rxd1+ 18.Rxd1 Rg8 19.f4 c5 20.Qd3 Be7 21.Nxf7
Nbd7 22.Ne4 Qc6 23.Ned6+ Kb8 24.Qg6 Nf8 25.Qg3 a6 26.f5 Qc7 27.Qf3 e5 28.
Bxc5 N8d7 29.Bg1 Rf8 30.Qe3 b6 31.Kb1 Ne8 32.Nxe8 Rxe8 33.Bh2 Bc5 34.Qg3 
Qc6 35.Rd5 Ka7 36.Qxg7 Re7 37.Qg6 Qa4 38.Nd6 Qb4 39.a3 Qe1+ 40.Ka2 Qe2 41.
Nc8+ Kb7 42.Nxe7 Qxc4+ 43.Kb1 Qf1+ 44.Kc2 Qe2+ 45.Rd2 Qe4+ 46.Kb3 Qe3+ 47.
Ka2 Qxd2 48.Qc6+ Ka7 49.Qc7+ Ka8 50.Qc8+ Nb8 51.Bxe5 Bd6 52.Qd8 1-0

[Event "43rd World U20 ch"]
[Site "Kochi IND"]
[Date "2004.11.30"]
[Round "12.5"]
[White "Moradiabadi, Elshan"]
[Black "Sengupta, Deep"]
[Result "1-0"]
[WhiteElo "2445"]
[BlackElo "2359"]
[EventDate "2004.11.19"]
[PlyCount "65"]

1.d4 e6 2.Nf3 f5 3.g3 b6 4.Bg2 Bb7 5.O-O Nf6 6.c4 Be7 7.Nc3 Ne4 8.d5 Nd6 
9.b3 Bf6 10.Bb2 O-O 11.Qc2 Na6 12.a3 Qe7 13.Rad1 Rae8 14.Rfe1 Nc5 15.Nd2 
Bxc3 16.Bxc3 Qf7 17.dxe6 Rxe6 18.Nf3 Qh5 19.b4 Nce4 20.c5 bxc5 21.bxc5 Nf7
22.Rxd7 f4 23.Rxc7 fxg3 24.hxg3 Bd5 25.Ba1 Rh6 26.Rd1 Re8 27.Qa4 Rb8 28.
Qd7 Be6 29.Qd4 Nf6 30.Rxa7 Rd8 31.c6 Ne8 32.Re7 Bf5 33.Rxe8+ 1-0

[Event "43rd World U20 ch"]
[Site "Kochi IND"]
[Date "2004.11.30"]
[Round "12.8"]
[White "Ilyin, Artem"]
[Black "Jianu, Vlad-Cristian"]
[Result "1/2-1/2"]
[WhiteElo "2522"]
[BlackElo "2444"]
[EventDate "2004.11.19"]
[PlyCount "121"]

1.c4 Nf6 2.Nc3 g6 3.d4 Bg7 4.e4 O-O 5.f3 d6 6.Nge2 Nc6 7.Be3 a6 8.Qd2 Rb8 
9.Rc1 Bd7 10.Nd1 h5 11.Nf2 Re8 12.g3 b5 13.c5 dxc5 14.Rxc5 e5 15.d5 Ne7 
16.Qc2 b4 17.Bg2 Bb5 18.Bh3 Qd6 19.O-O Nexd5 20.exd5 Nxd5 21.Ne4 Nxe3 22.
Nxd6 cxd6 23.Qb3 dxc5 24.Qxe3 e4 25.fxe4 Rbd8 26.Qf3 f5 27.Qb3+ Kh7 28.
exf5 Rxe2 29.Qf7 Kh8 30.Qxg6 Be8 31.Qxa6 Rdd2 32.f6 Bh6 33.Rf3 Bf7 34.Qc8+
Re8 35.Qxc5 Rxb2 36.Bf1 Rxa2 37.Qxb4 Ra1 38.Qb7 Kg8 39.Kg2 Rd8 40.Bc4 Bxc4
41.f7+ Kh8 42.Qb2+ Bg7 43.f8=Q+ Rxf8 44.Rxf8+ Bg8 45.Qb8 Bxf8 46.Qxf8 Ra7 
47.Qh6+ Rh7 48.Qf6+ Rg7 49.h3 Bd5+ 50.Kf2 Bf7 51.Kf3 Kg8 52.g4 hxg4+ 53.
hxg4 Rg6 54.Qd8+ Kg7 55.Kf4 Rf6+ 56.Kg3 Rg6 57.Qd4+ Kg8 58.Kf4 Re6 59.Kf5 
Rg6 60.Qe5 Re6 61.Qxe6 1/2-1/2

[Event "43rd World U20 ch"]
[Site "Kochi IND"]
[Date "2004.11.30"]
[Round "12.9"]
[White "Bartel, Mateusz"]
[Black "Gareev, Timur"]
[Result "1-0"]
[WhiteElo "2481"]
[BlackElo "2525"]
[EventDate "2004.11.19"]
[PlyCount "83"]

1.e4 g6 2.d4 Bg7 3.Nf3 d6 4.Bc4 c6 5.Bb3 Nf6 6.Qe2 e5 7.O-O Qe7 8.dxe5 
dxe5 9.a4 O-O 10.Bc4 Nh5 11.Bg5 Bf6 12.Bxf6 Qxf6 13.Nbd2 Bg4 14.Qe3 Nd7 
15.a5 Nf4 16.Rfd1 b5 17.Bf1 Qe7 18.h3 Be6 19.Qc3 a6 20.Nxe5 Qg5 21.Nxd7 
Bxd7 22.Kh2 Be6 23.Nf3 Qh6 24.Qf6 Bg4 25.Ra3 Rae8 26.Re1 Bd7 27.Rc3 Nh5 
28.Qg5 Qg7 29.Rd1 Nf6 30.Re3 Rxe4 31.Rxe4 Nxe4 32.Qe5 Bf5 33.Kg1 c5 34.g4 
Qxe5 35.Nxe5 Bc8 36.Bg2 Ng5 37.Rd6 Ne6 38.Nc6 Re8 39.Na7 Nf4 40.Nxc8 Rxc8 
41.Rxa6 Kg7 42.Rc6 1-0

[Event "43rd World U20 ch"]
[Site "Kochi IND"]
[Date "2004.11.30"]
[Round "12.11"]
[White "Nad Hedesi, Balind"]
[Black "Venkatesh, Marani Rajendran"]
[Result "1-0"]
[WhiteElo "2337"]
[BlackElo "2450"]
[EventDate "2004.11.19"]
[PlyCount "86"]

1.d4 Nf6 2.c4 g6 3.Nc3 Bg7 4.e4 d6 5.Nf3 O-O 6.Be2 Nbd7 7.O-O e5 8.Qc2 Re8
9.Rd1 exd4 10.Nxd4 Nc5 11.f3 Nh5 12.Bf1 Bd7 13.Qf2 f5 14.exf5 gxf5 15.Nb3 
b6 16.Be3 a5 17.Qd2 Ne6 18.Nd4 f4 19.Bf2 Be5 20.Nxe6 Bxe6 21.Bd4 Qe7 22.
Re1 Rad8 23.Rad1 Ng7 24.Qe2 Bf6 25.Qe4 Bg5 26.Bd3 Nh5 27.Qc6 Qf7 28.Nb5 
Rc8 29.Bc3 Bh4 30.Rxe6 Qxe6 31.Be4 Nf6 32.Nd4 Qf7 33.Nf5 Qh5 34.Rd5 Kf8 
35.Ng7 Qf7 36.Nxe8 Nxd5 37.Nxd6 Qe6 38.Qb7 Rd8 39.cxd5 Qxd6 40.Qa6 Bf6 41.
Qd3 c6 42.Bxf6 Qxf6 43.Qa3+ Kg7 1-0